| 000 | 01059nam a2200265Ia 4500 | ||
|---|---|---|---|
| 003 | OSt | ||
| 005 | 20221005110054.0 | ||
| 006 | a|||||r|||| 00| 0 | ||
| 007 | ta | ||
| 008 | 221004b |||||||| |||| 00| 0 pan d | ||
| 020 |
_a8126021497 (hbk) _c875 |
||
| 024 | _a92000 | ||
| 037 |
_b535, 19/03/2009, Vani Prakashan _cTextual |
||
| 040 |
_aCRL _cCRL _bpan |
||
| 041 |
_2pan _apan |
||
| 082 | _aO153,1xN5, 152K8;P7 | ||
| 100 | _aअमृता प्रीतम, संपा. | ||
| 245 | 0 |
_aपंजाबी कवितावली _b चुनी हुई पंजाबी कविताएॅं |
|
| 246 | _aPanjābī kavitāvalī: chunī huī panjābī kavitāeॅan | ||
| 260 |
_aनई दिल्ली _bसाहित्य अकादेमी भारत _c2007 |
||
| 300 |
_a420पृ0 _ccm. |
||
| 650 | _aपंजाबी निबंध | ||
| 942 |
_hO153,1xN5, 152K8;P7 _cTEXL _2cc |
||
| 999 |
_c1017704 _d1017704 |
||